| 000 | 00553nam a2200181 a 4500 | ||
|---|---|---|---|
| 005 | 20140310183536.0 | ||
| 008 | 111027s19uu xx 00 eng d | ||
| 020 | _a9781847871701 | ||
| 050 |
_aLB 2806 _b.C69 2009 |
||
| 100 | _aCrawford, Megan | ||
| 245 |
_aGetting to the heart of leadership : _bemotion and educational leadership / _cMegan Crawford. |
||
| 260 |
_aLondon : _bSAGE, _c2009. |
||
| 300 |
_a182 p. : _c22 cm. |
||
| 650 |
_aEducational leadership _xPsychological aspects |
||
| 650 | _aEmotion | ||
| 942 |
_cBK _2lcc _kFOR |
||
| 999 |
_c24723 _d24723 |
||